Les récompenses du cinéma - Statistiques

Statistiques générales
  • Ce quiz a été pris 91 fois
  • Le résultat moyen est 33 sur 44
Statistiques - réponses
Année de
création
Récompense Pays % Correct
1976 César France
100%
1929 Oscar Etats-Unis
99%
1987 Prix Goya Espagne
95%
1956 Davids Italie
95%
1978 Nippon Akademi-sho Japon
95%
1987 Nikas Russie
95%
1962 Golden Horse Awards Chine
94%
1951 Lolas Allemagne de l'Ouest
92%
1980 Prix Ecrans Canada
91%
1948 BAFTA Awards Royaume-Uni
91%
2000 Grande Premio Brasileiro de Cinema Brésil
90%
1963 Guidbagges Suède
89%
2012 Prix Sophia Portugal
87%
1954 National Awards Inde
86%
1998 Prix du cinéma Suisse
86%
1963 AACTA Awards Australie
85%
2010 Prix Ensors Belgique
85%
2011 Prix Magritte Belgique
85%
1943 Premios Sur Argentine
84%
2010 Hellenic Film Academy Awards Grèce
82%
1946 Premio Ariel Mexique
82%
1944 Jussis Finlande
81%
1985 Amandaprisen Norvège
81%
1999 Orlys Pologne
81%
1984 Roberts Danemark
80%
1981 Gouden Kalf Pays-Bas
78%
2017 Dziga d'or Ukraine
77%
2008 Yesilçam Ödülleri Turquie
76%
2006 SAFTAs Afrique-du-Sud
75%
2011 Filmpreis Autriche
73%
2001 NZFT Awards Nouvelle-Zélande
72%
2007 Prix Gopo Roumanie
72%
1973 Bông sen vâng Vietnam
72%
1962 Grand Bell Awards Corée-du-Sud
70%
1994 Cesky Iev Tchéquie
66%
1992 TNFA Awards Thaïlande
63%
1999 Eddas Islande
59%
1973 Citra Indonésie
54%
1982 Ophirs Israël
47%
2008 Sidabrine gerve Lituanie
44%
2002 Lux Style Awards Pakistan
39%
1952 FAMAS Awards Philippines
35%
1998 Meril-Prothom Alo Awards Bangladesh
25%
1955 Velika Zlatna arena Yougoslavie
13%
Aucun quiz correspondant
Distribution des résultats
% des personnes avec chaque résultat
Percentile par nombre de réponses
Votre historique - résultats
Vous n’avez pas pris ce quiz